<?xml version="1.0" encoding="UTF-8"?>
<collection xmlns="http://www.loc.gov/MARC21/slim">
 <record>
  <leader>01122nam a2200229 a 4500</leader>
  <controlfield tag="001">58638</controlfield>
  <controlfield tag="008">090706r20031985nyu           000 0 eng d</controlfield>
  <datafield tag="010" ind1=" " ind2=" ">
   <subfield code="a">   94080257 </subfield>
  </datafield>
  <datafield tag="020" ind1=" " ind2=" ">
   <subfield code="a">0706995929</subfield>
  </datafield>
  <datafield tag="040" ind1=" " ind2=" ">
   <subfield code="a">DLC</subfield>
   <subfield code="c">DLC</subfield>
  </datafield>
  <datafield tag="082" ind1="0" ind2="0">
   <subfield code="a">823/.01</subfield>
   <subfield code="2">19</subfield>
  </datafield>
  <datafield tag="245" ind1="1" ind2="0">
   <subfield code="a">Robin Hood.</subfield>
  </datafield>
  <datafield tag="260" ind1=" " ind2=" ">
   <subfield code="a">New York;</subfield>
   <subfield code="a">New Delhi :</subfield>
   <subfield code="b">Henry Holt;</subfield>
   <subfield code="b">Madhuban Educational Books,Vikas Pub. House ,</subfield>
   <subfield code="c">c1985[reprinted 2003].</subfield>
  </datafield>
  <datafield tag="300" ind1=" " ind2=" ">
   <subfield code="a">112p.;</subfield>
   <subfield code="c">cm.</subfield>
  </datafield>
  <datafield tag="541" ind1="1" ind2=" ">
   <subfield code="e">00009996</subfield>
  </datafield>
  <datafield tag="650" ind1=" " ind2="0">
   <subfield code="a">Short Stories</subfield>
   <subfield code="x">English</subfield>
  </datafield>
  <datafield tag="852" ind1="4" ind2=" ">
   <subfield code="a">Ayesha Abed Library</subfield>
   <subfield code="j">General Shelf.</subfield>
  </datafield>
  <datafield tag="942" ind1="0" ind2="0">
   <subfield code="0">1</subfield>
  </datafield>
  <datafield tag="999" ind1=" " ind2=" ">
   <subfield code="c">2139</subfield>
   <subfield code="d">2139</subfield>
  </datafield>
  <datafield tag="952" ind1=" " ind2=" ">
   <subfield code="0">0</subfield>
   <subfield code="1">0</subfield>
   <subfield code="2">ddc</subfield>
   <subfield code="4">0</subfield>
   <subfield code="6">823_010000000000000_ROB_2003</subfield>
   <subfield code="7">0</subfield>
   <subfield code="9">1970</subfield>
   <subfield code="a">BRACUL</subfield>
   <subfield code="b">BRACUL</subfield>
   <subfield code="c">GEN</subfield>
   <subfield code="d">2009-07-07</subfield>
   <subfield code="g">0.00</subfield>
   <subfield code="l">3</subfield>
   <subfield code="m">12</subfield>
   <subfield code="o">823.01 ROB</subfield>
   <subfield code="p">3010009996</subfield>
   <subfield code="r">2024-11-27</subfield>
   <subfield code="s">2024-10-09</subfield>
   <subfield code="t">1</subfield>
   <subfield code="w">2009-07-07</subfield>
   <subfield code="y">BK</subfield>
   <subfield code="x">No price found in the accession register.</subfield>
  </datafield>
  <datafield tag="952" ind1=" " ind2=" ">
   <subfield code="0">0</subfield>
   <subfield code="1">0</subfield>
   <subfield code="2">ddc</subfield>
   <subfield code="4">0</subfield>
   <subfield code="6">823_010000000000000_ROB_2003</subfield>
   <subfield code="7">0</subfield>
   <subfield code="9">11380</subfield>
   <subfield code="a">BRACUL</subfield>
   <subfield code="b">BRACUL</subfield>
   <subfield code="c">GEN</subfield>
   <subfield code="d">2010-06-30</subfield>
   <subfield code="l">9</subfield>
   <subfield code="m">10</subfield>
   <subfield code="o">823.01 ROB</subfield>
   <subfield code="p">3010009997</subfield>
   <subfield code="r">2024-05-06</subfield>
   <subfield code="s">2024-04-30</subfield>
   <subfield code="t">2</subfield>
   <subfield code="w">2010-06-30</subfield>
   <subfield code="y">BK</subfield>
  </datafield>
  <datafield tag="952" ind1=" " ind2=" ">
   <subfield code="0">0</subfield>
   <subfield code="1">0</subfield>
   <subfield code="2">ddc</subfield>
   <subfield code="4">0</subfield>
   <subfield code="6">823_010000000000000_ROB_2003</subfield>
   <subfield code="7">0</subfield>
   <subfield code="9">13208</subfield>
   <subfield code="a">BRACUL</subfield>
   <subfield code="b">BRACUL</subfield>
   <subfield code="c">GEN</subfield>
   <subfield code="d">2010-11-09</subfield>
   <subfield code="l">7</subfield>
   <subfield code="m">49</subfield>
   <subfield code="o">823.01 ROB</subfield>
   <subfield code="p">3010009998</subfield>
   <subfield code="r">2022-03-02</subfield>
   <subfield code="s">2019-10-01</subfield>
   <subfield code="t">3</subfield>
   <subfield code="w">2010-11-09</subfield>
   <subfield code="y">BK</subfield>
  </datafield>
 </record>
</collection>
